Flag-Country Matching Quiz #1 - Sudden Death - Statistics

General Stats
  • This quiz has been taken 1,232 times
  • The average score is 6 of 15
Answers on the Grid
Answers color-coded by a green-red scale on the quiz's grid according to % correct below.
Hungary
Ireland
Norway
Panama
Burkina Faso
Montenegro
Tunisia
Uzbekistan
Kenya
Poland
Sudan
Argentina
Nauru
Vanuatu
Djibouti
Liechtenstein
Haiti
Thailand
Croatia
Palau
El Salvador
Qatar
Senegal
Ghana
Bolivia
Moldova
Fiji
Russia
Greece
Canada
 
Answer Stats
Answer % Correct
Greece
54%
Argentina
51%
Russia
50%
Croatia
49%
Tunisia
45%
Poland
44%
Hungary
43%
Liechtenstein
43%
Fiji
42%
Uzbekistan
39%
Djibouti
38%
Moldova
37%
Burkina Faso
36%
Bolivia
34%
El Salvador
28%
No matching quizzes found
Score Distribution
Percent of People with Each Score
Percentile by Number Answered
Your Score History
You have not taken this quiz